Maryland Historical Society, 1844-1921. (Record no. 15955)

MARC details
000 -LEADER
fixed length control field 00659cam a22001931 4500
001 - CONTROL NUMBER
control field ca 25000381
003 - CONTROL NUMBER IDENTIFIER
control field DLC
005 - DATE AND TIME OF LATEST TRANSACTION
control field 20260227111114.0
008 - FIXED-LENGTH DATA ELEMENTS--GENERAL INFORMATION
fixed length control field 850320s1921 mdu 000 0 eng
010 ## - LIBRARY OF CONGRESS CONTROL NUMBER
LC control number ca 25000381
035 ## - SYSTEM CONTROL NUMBER
System control number (OCoLC)11827776
040 ## - CATALOGING SOURCE
Original cataloging agency DLC
Transcribing agency T
Modifying agency OCoLC
-- DLC
042 ## - AUTHENTICATION CODE
Authentication code premarc
050 00 - LIBRARY OF CONGRESS CALL NUMBER
Classification number F176
Item number .M32
110 2# - MAIN ENTRY--CORPORATE NAME
Corporate name or jurisdiction name as entry element Maryland Historical Society.
245 00 - TITLE STATEMENT
Title Maryland Historical Society, 1844-1921.
Remainder of title [An historical sketch and description of its building and collections, with an appeal for financial support]
260 ## - PUBLICATION, DISTRIBUTION, ETC.
Place of publication, distribution, etc. [Baltimore,
Name of publisher, distributor, etc. Press of N.T.A. Munder & co., 1921]
300 ## - PHYSICAL DESCRIPTION
Extent 19,[1] p.
Other physical details illus. (incl. facsim.)
Dimensions 31 cm.

No items available.

Powered by Koha